आर गुप्ता कृत पॉपुलर मास्टर गाइड एल.आई.सी., ए.ए.ओ./सहायक प्रशासनिक अधिकारी परीक्षा / (Record no. 26972)

MARC details
000 -LEADER
fixed length control field 01305 aa a2200241 4500
005 - DATE AND TIME OF LATEST TRANSACTION
control field 2009052908318.0
008 - FIXED-LENGTH DATA ELEMENTS--GENERAL INFORMATION
fixed length control field 090529t xxu||||| |||| 00| 0 hin d
010 ## - LCCN (DPL NO)
LC control number HIN-86697
020 ## - INTERNATIONAL STANDARD BOOK NUMBER
International Standard Book Number 9788178125107
Terms of availability 310.00
035 ## - SYSTEM CONTROL NUMBER
System control number HN-59043
037 ## - SOURCE OF ACQUISITION
Source of stock number/acquisition DBAD / PUB
040 ## - CATALOGING SOURCE
Original cataloging agency dpl
Language of cataloging hn
082 ## - DEWEY DECIMAL CLASSIFICATION NUMBER
Classification number 000
245 ## - TITLE STATEMENT
Title आर गुप्ता कृत पॉपुलर मास्टर गाइड एल.आई.सी., ए.ए.ओ./सहायक प्रशासनिक अधिकारी परीक्षा /
246 ## - VARYING FORM OF TITLE
Title proper/short title R. Gupta krita popular master guide L.I.C., A.A.O. / sahaayaka praasanika adhikarii
260 ## - PUBLICATION, DISTRIBUTION, ETC. (IMPRINT)
Place of publication, distribution, etc नई दिल्ली
Name of publisher, distributor, etc रमेश पब्लिशिंग हाउस
Date of publication, distribution, etc 2009
270 ## - ADDRESS
Address 12-एच, न्यू दरियागंज रोड, ट्रैफिक कोतवाली के सामने
City नई दिल्ली
State or province दिल्ली
Postal code 110002
300 ## - PHYSICAL DESCRIPTION
Extent वि.पृ.
Dimensions 25सेमी (अजिल्द)
650 ## - SUBJECT ADDED ENTRY--TOPICAL TERM
Topical term or geographic name as entry element सामान्य ज्ञान
650 ## - SUBJECT ADDED ENTRY--TOPICAL TERM
Topical term or geographic name as entry element General kowledge
942 ## - ADDED ENTRY ELEMENTS (KOHA)
Institution code [OBSOLETE] dpl
Item type Hindi Books
Source of classification or shelving scheme Dewey Decimal Classification
Call number suffix आरगु
Classification part 000
Holdings
Withdrawn status Lost status Source of classification or shelving scheme Damaged status Not for loan Home library Current library Date acquired Source of acquisition Cost, normal purchase price Total Checkouts Full call number Barcode Date last seen Copy number Cost, replacement price Koha item type
    Dewey Decimal Classification   Not For Loan D.B.Act.Division D.B.Act.Division 29/05/2009 DBAD / PUB 310.00   000 आरगु HN-59043 29/05/2009 1 310.00 Hindi Books

© Delhi Public Library
Hit Counter
free hit counter